Normal view
MARC view
- K̲h̲usrau, Faz̤l Aḥmad.
Entry Personal Name
001 - CONTROL NUMBER
- control field: 14914
003 - CONTROL NUMBER IDENTIFIER
- control field: NUST
005 - DATE AND TIME OF LATEST TRANSACTION
- control field: 20190616071025.0
008 - FIXED-LENGTH DATA ELEMENTS
- fixed length control field: 190616|| aca||aabn | a|a d
040 ## - CATALOGING SOURCE
- Original cataloging agency: NUST
- Transcribing agency: NUST
100 ## - HEADING--PERSONAL NAME
- Personal name: K̲h̲usrau, Faz̤l Aḥmad.
670 ## - SOURCE DATA FOUND
- Source citation: Work cat.: (NUST)0: K̲h̲usrau, Faz̤l Aḥmad., Vafāvān̲ ʻishq diyān̲ /, 2009.
